Prvé zisťovania úmrtnostných pomerov populácie

Historický pohľad na poisťovací priemysel, životné poistenie a vypracovanie prvých úmrtnostných tabuliek vo svete. Zostavenie a používanie úmrtnostných tabuliek obyvateľstva na základe štatistických záznamov.

Salvato in:
Dettagli Bibliografici
Autore principale: Littvová, Zuzana
Natura: Capitolo di libro
Lingua:slovacco
Soggetti:
Tags: Aggiungi Tag
Nessun Tag, puoi essere il primo ad aggiungerne!!

MARC

LEADER 00000naa a2200000 4500
001 0185311
005 20240502073157.4
041 0 |a slo 
044 |a SK 
245 1 0 |a Prvé zisťovania úmrtnostných pomerov populácie  |c Zuzana Littvová 
520 |a Historický pohľad na poisťovací priemysel, životné poistenie a vypracovanie prvých úmrtnostných tabuliek vo svete. Zostavenie a používanie úmrtnostných tabuliek obyvateľstva na základe štatistických záznamov. 
610 2 0 |a história 
610 2 0 |a poisťovníctvo 
610 2 0 |a poistenie životné 
610 2 0 |a udalosti poistné 
610 2 0 |a matematika poistná 
610 2 0 |a štatistika aplikovaná 
100 1 |a Littvová, Zuzana